| 000 | 00568nam a2200193Ia 4500 | ||
|---|---|---|---|
| 008 | 140626s9999 xx 000 0 und d | ||
| 100 | _aBell, David.. | ||
| 245 |
_aFrom point of purchase to path to purchase : _b how preshopping factors drive unplanned buying / _cDavid Bell ... [et al.]. |
||
| 260 | _cc2011. | ||
| 300 | _a75 : 1, page 31 | ||
| 440 | _aJournal of Marketing | ||
| 521 | _aBSBA | ||
| 650 | _aConsumer behavior. | ||
| 650 | _aPoisson model. | ||
| 650 | _aRetailing. | ||
| 650 | _aTobit model. | ||
| 650 | _aUnplanned buying. | ||
| 942 | _cSE | ||
| 999 |
_c121086 _d121086 |
||